<?xml version="1.0" encoding="UTF-8"?>
<record
    xmlns:xsi="http://www.w3.org/2001/XMLSchema-instance"
    xsi:schemaLocation="http://www.loc.gov/MARC21/slim http://www.loc.gov/standards/marcxml/schema/MARC21slim.xsd"
    xmlns="http://www.loc.gov/MARC21/slim">

  <leader>01540nam a2200325 u 4500</leader>
  <controlfield tag="001">000044709</controlfield>
  <controlfield tag="005">20200120222430.0</controlfield>
  <controlfield tag="008">110304s2006    ck a   ar     000 1 spa d</controlfield>
  <datafield tag="020" ind1=" " ind2=" ">
    <subfield code="a">9580494681</subfield>
  </datafield>
  <datafield tag="041" ind1="1" ind2=" ">
    <subfield code="a">spa</subfield>
    <subfield code="h">eng</subfield>
  </datafield>
  <datafield tag="043" ind1=" " ind2=" ">
    <subfield code="a">s-ck---</subfield>
  </datafield>
  <datafield tag="090" ind1=" " ind2=" ">
    <subfield code="a">A</subfield>
    <subfield code="b">KASc 2006</subfield>
  </datafield>
  <datafield tag="100" ind1="1" ind2=" ">
    <subfield code="a">Kasza, Keiko</subfield>
  </datafield>
  <datafield tag="245" ind1="1" ind2="0">
    <subfield code="a">Cuando el elefante camina /</subfield>
    <subfield code="c">Keiko Kasza ; traducci&#xF3;n : Mercedes Guhl ; dise&#xF1;o : Patricia Mart&#xED;nez Linares.</subfield>
  </datafield>
  <datafield tag="250" ind1=" " ind2=" ">
    <subfield code="a">1a. ed.</subfield>
  </datafield>
  <datafield tag="260" ind1=" " ind2=" ">
    <subfield code="a">Bogot&#xE1; :</subfield>
    <subfield code="b">Norma,</subfield>
    <subfield code="c">2006.</subfield>
  </datafield>
  <datafield tag="300" ind1=" " ind2=" ">
    <subfield code="a">32 p. :</subfield>
    <subfield code="b">il., col.</subfield>
  </datafield>
  <datafield tag="490" ind1="0" ind2=" ">
    <subfield code="a">Buenas noches</subfield>
  </datafield>
  <datafield tag="500" ind1=" " ind2=" ">
    <subfield code="a">Ej. 1, 2, 3 Biblioteca Ceic Ciudadela : Plan Lector 2011. Ej. 1 Biblioteca Ceic Norte: Plan Lector 2011. Ej. 1 y 2 Biblioteca Ceic Chical&#xE1; : Plan Lector 2011.</subfield>
  </datafield>
  <datafield tag="500" ind1=" " ind2=" ">
    <subfield code="a">Ej.1 de la Biblioteca Marichuela con ISBN : 9789584538895 del a&#xF1;o 2012.</subfield>
  </datafield>
  <datafield tag="520" ind1=" " ind2=" ">
    <subfield code="a">Cuando el elefante camina por el bosque asusta a otros animalitos. Pero, &#xBF;qui&#xE9;n puede asustar al enorme elefante? Este libro es una excelente herramienta para acercar a los primeros lectores a los libros, para familiarizarlos con su valor. Es una historia llena de animales curiosos y de situaciones c&#xF3;micas.</subfield>
  </datafield>
  <datafield tag="534" ind1=" " ind2=" ">
    <subfield code="t">T&#xED;tulo original en ingl&#xE9;s : When the elefant walks</subfield>
  </datafield>
  <datafield tag="650" ind1="1" ind2="4">
    <subfield code="a">&#xC1;lbum infantil japon&#xE9;s</subfield>
  </datafield>
  <datafield tag="650" ind1="2" ind2="7">
    <subfield code="a">Elefantes en la literatura</subfield>
    <subfield code="2">LEMB</subfield>
  </datafield>
  <datafield tag="650" ind1="2" ind2="7">
    <subfield code="a">Literatura infantil japonesa</subfield>
    <subfield code="2">LEMB</subfield>
  </datafield>
  <datafield tag="650" ind1="2" ind2="7">
    <subfield code="a">Animales en la literatura</subfield>
    <subfield code="2">LEMB</subfield>
  </datafield>
  <datafield tag="650" ind1="2" ind2="7">
    <subfield code="a">Libros ilustrados para ni&#xF1;os</subfield>
    <subfield code="2">LEMB</subfield>
  </datafield>
  <datafield tag="700" ind1="1" ind2=" ">
    <subfield code="a">Guhl, Mercedes,</subfield>
    <subfield code="e">tr.</subfield>
  </datafield>
  <datafield tag="700" ind1="1" ind2=" ">
    <subfield code="a">Mart&#xED;nez Linares, Patricia,</subfield>
    <subfield code="e">dise.</subfield>
  </datafield>
  <datafield tag="999" ind1=" " ind2=" ">
    <subfield code="c">2752</subfield>
    <subfield code="d">2752</subfield>
  </datafield>
  <datafield tag="952" ind1=" " ind2=" ">
    <subfield code="0">0</subfield>
    <subfield code="1">0</subfield>
    <subfield code="2">ddc</subfield>
    <subfield code="4">0</subfield>
    <subfield code="7">0</subfield>
    <subfield code="8">LI</subfield>
    <subfield code="a">BPMOS</subfield>
    <subfield code="b">BPMOS</subfield>
    <subfield code="d">2020-01-20</subfield>
    <subfield code="l">0</subfield>
    <subfield code="o">A KASc 2006</subfield>
    <subfield code="p">MOS001694</subfield>
    <subfield code="r">2020-01-20</subfield>
    <subfield code="t">ej.1</subfield>
    <subfield code="w">2020-01-20</subfield>
    <subfield code="y">BK</subfield>
    <subfield code="z">Quince d&#xED;as</subfield>
  </datafield>
  <datafield tag="952" ind1=" " ind2=" ">
    <subfield code="0">0</subfield>
    <subfield code="1">0</subfield>
    <subfield code="4">0</subfield>
    <subfield code="7">0</subfield>
    <subfield code="8">LI</subfield>
    <subfield code="a">BPMOS</subfield>
    <subfield code="b">BPMOS</subfield>
    <subfield code="d">2020-01-20</subfield>
    <subfield code="l">0</subfield>
    <subfield code="o">AKASc 2006MOS008809</subfield>
    <subfield code="p">MOS008809</subfield>
    <subfield code="p">MS</subfield>
    <subfield code="r">2020-01-20</subfield>
    <subfield code="t">ej.2</subfield>
    <subfield code="w">2020-01-20</subfield>
    <subfield code="y">BK</subfield>
    <subfield code="z">Quince d&#xED;as</subfield>
    <subfield code="P">Perdido</subfield>
  </datafield>
</record>
